<?xml version="1.0" encoding="UTF-8"?>
<collection xmlns="http://www.loc.gov/MARC21/slim">
 <record>
  <leader>01366pamaa2200229   4500</leader>
  <controlfield tag="001">0000049829</controlfield>
  <controlfield tag="005">20130118090000.0</controlfield>
  <controlfield tag="008">111124                             eng  </controlfield>
  <datafield tag="020" ind1="0" ind2="0">
   <subfield code="a">9780470635230 (pbk.) </subfield>
  </datafield>
  <datafield tag="090" ind1="0" ind2="0">
   <subfield code="a">LB1044.87 </subfield>
   <subfield code="b">PAL 2011</subfield>
  </datafield>
  <datafield tag="100" ind1="1" ind2="0">
   <subfield code="a">Palloff </subfield>
  </datafield>
  <datafield tag="245" ind1="1" ind2="4">
   <subfield code="a">The Excellent Online Instructor : </subfield>
   <subfield code="b">Strategies for Professional Development  </subfield>
   <subfield code="c">Rena M. Palloff, Keith Pratt.</subfield>
  </datafield>
  <datafield tag="260" ind1="0" ind2="0">
   <subfield code="a">San Francisco, CA: </subfield>
   <subfield code="b">Jossey-Bass, </subfield>
   <subfield code="c">2011.</subfield>
  </datafield>
  <datafield tag="300" ind1=" " ind2=" ">
   <subfield code="a">xxii, 176: </subfield>
   <subfield code="b">ill.; </subfield>
   <subfield code="c">24 cm.</subfield>
  </datafield>
  <datafield tag="501" ind1="0" ind2="0">
   <subfield code="a">CITS</subfield>
  </datafield>
  <datafield tag="504" ind1="0" ind2="0">
   <subfield code="a">Includes bibliographical references (pages 159-166) and index</subfield>
  </datafield>
  <datafield tag="505" ind1="0" ind2="0">
   <subfield code="a">&quot;The hiring, training, and evaluation of good online instructors is a high priority for online institutions. This book shows what it takes to develop a new instructor in order to promote excellent online teaching and describes the qualities of a good online instructor and reveals how to evaluate good teaching online. In addition, It includes illustrative models of faculty training for online teaching based on adult learning principles and best practices in faculty training and identifies how  technology can be used to facilitate and enhance the training process&quot;-- Provided by publisher</subfield>
  </datafield>
  <datafield tag="650" ind1="0" ind2="0">
   <subfield code="a">Distance education </subfield>
  </datafield>
  <datafield tag="650" ind1="0" ind2="0">
   <subfield code="a">Computer-assisted instruction </subfield>
  </datafield>
  <datafield tag="650" ind1="0" ind2="0">
   <subfield code="a">Effective teaching </subfield>
  </datafield>
  <datafield tag="650" ind1="0" ind2="0">
   <subfield code="a">Web-based instruction </subfield>
  </datafield>
  <datafield tag="901" ind1=" " ind2=" ">
   <subfield code="u">http://www.josseybass.com</subfield>
  </datafield>
 </record>
</collection>
